Pasajes de la guerra revolucionaria /

Salvato in:
Dettagli Bibliografici
Autore principale: Guevara, Ernesto, 1928-1967
Natura: Sconosciuto
Lingua:Spanish
Pubblicazione: México : Ediciones Eva, S.A, 1972.
Soggetti:
Tags: Aggiungi Tag
Nessun Tag, puoi essere il primo ad aggiungerne!!

MARC

LEADER 000000000a22000000004500
001 002107
041 0 |a spa 
082 0 4 |a 972.910.64   |b G939p 
100 1 |a Guevara, Ernesto,   |d 1928-1967 
245 1 0 |a Pasajes de la guerra revolucionaria /   |c Ernesto Guevara. 
260 1 |a México :   |b Ediciones Eva, S.A,   |c 1972. 
300 |a 259 páginas 
650 4 |a REVOLUCION, 1959 
650 4 |a CUBA 
650 4 |a HISTORIA 
650 4 |a GUEVARA, ERNESTO, 1928-1967 
999 |c 8701  |d 8701 
942 |c BK  |h 972.910.64 G939p  |2 z